000 00581nab a2200193 a 4500
005 20210219155214.0
008 991125s1985 mx 000 0 spa u
035 _aUPN01000140610
100 1 _aMata Pérez, Ana María
222 _aCORREO DEL MAESTRO :
_bREVISTA PARA PROFESORES DE EDUCACION BASICA
245 _aDesafiar a la autoridad : una forma de liderazgo dentro del salón de clases
260 _aMéxico
300 _a39-44
362 0 _a2005 Año 10, no. 111, ago.
653 0 _aADOLESCENCIA
653 0 _aAUTORIDAD
653 0 _aLIDERAZGO
905 _aArticulo
999 _c112758
_d112758